Banderas de regiones - Estadísticas

Estadísticas generales
  • Esta prueba ha sido intentada 57 veces
  • La puntuación promedio es 16 de 28
Estadísticas de respuestas
Imagen Respuesta % Correcto
Euskal Herria
97%
Islas Feroe
88%
Asturias
85%
Groenlandia
85%
Tibet
85%
California
79%
Aragón
76%
Transnistria
76%
Cerdeña
73%
Kurdistan Iraquí
73%
Sicilia
73%
Azores
64%
Baviera
64%
Bretaña
64%
Quebec
61%
Zanzibar
61%
Somalilandia
58%
Flandes
48%
Normandia
45%
Occitania
45%
Chechenia
42%
Frisia
39%
Lombardia
33%
Cornualles
30%
Cuzco
24%
Yucatán
15%
Mindanao musulman
12%
Islas Ryukyu
9%
No se encontraron pruebas coincidentes
Distribución de puntuación
Porcentaje de gente con cada puntuación
Porcentaje por número respondido
Historial de tus puntuaciones
No has intentado esta prueba.